[Event "Mittelfranken-chTB2b 1112"]
[Site "Germany"]
[Date "2012.02.05"]
[Round "6.7"]
[White "Braun, Robert"]
[Black "Leonhardt, Frank"]
[Result "1-0"]
[WhiteElo "1921"]
[BlackElo "1876"]
[PlyCount "41"]
[EventDate "2011.09.25"]
[EventType "team-tourn"]
[EventRounds "9"]
[EventCountry "GER"]
[SourceTitle "EXT 2013"]
[Source "ChessBase"]
[SourceDate "2012.11.22"]
[SourceVersion "1"]
[SourceVersionDate "2012.11.22"]
[SourceQuality "1"]
[WhiteTeam "Buechenbach/Roth II"]
[BlackTeam "Schwanstetten"]
[WhiteTeamCountry "GER"]
[BlackTeamCountry "GER"]

1. e4 c5 2. Nf3 d6 3. d4 cxd4 4. Nxd4 Nf6 5. Nc3 e5 6. Nb3 Be6 7. Bg5 Be7 8. Qd2 a6 9. Rd1 Nc6 10. Be2 Rc8 11. 0-0 b5 12. Bxf6 gxf6 13. f4 h5 14. f5 Bxb3 15. axb3 Nd4 16. Bd3 h4 17. Nd5 Bf8 18. Ra1 Bh6 19. Qd1 Ra8 20. c3 Nc6 21. Bxb5 1-0

[Event "Mittelfranken-chTB2b 0809"]
[Site "Mittelfranken"]
[Date "2009.03.08"]
[Round "7.6"]
[White "Fising, Robert"]
[Black "Leonhardt, Frank"]
[Result "0-1"]
[WhiteElo "1649"]
[BlackElo "1830"]
[PlyCount "102"]
[EventDate "2008.10.12"]
[EventType "team"]
[EventRounds "9"]
[EventCountry "GER"]
[SourceTitle "EXT 2011"]
[Source "ChessBase"]
[SourceDate "2010.11.26"]
[SourceVersion "1"]
[SourceVersionDate "2010.11.26"]
[SourceQuality "1"]
[WhiteTeam "Gunzenhausen/Weissenburg II"]
[BlackTeam "Schwanstetten"]
[WhiteTeamCountry "GER"]
[BlackTeamCountry "GER"]

1. d4 Nf6 2. c4 e6 3. Nf3 d5 4. e3 Be7 5. Nc3 0-0 6. Be2 dxc4 7. Bxc4 c5 8. 0-0 Nc6 9. a3 cxd4 10. exd4 a6 11. h3 b5 12. Ba2 Bb7 13. Bf4 Rc8 14. Qd2 b4 15. axb4 Nxb4 16. Bb1 Nfd5 17. Be4 Qb6 18. Nxd5 Bxd5 19. Bxd5 Nxd5 20. Be3 Qb5 21. Qa5 Qxb2 22. Rfb1 Qc3 23. Qxc3 Rxc3 24. Bd2 Rc6 25. Ne5 Rc2 26. Be3 Ra8 27. Rb7 Rc7 28. Rb2 Bb4 29. Rba2 a5 30. Bd2 Rac8 31. Nd3 Rc4 32. Nxb4 axb4 33. Be3 h6 34. Rb2 R8c7 35. Kf1 Kh7 36. Ke1 Kg6 37. Rd1 h5 38. Kd2 Kf5 39. Re1 g5 40. Ra1 g4 41. hxg4+ Kxg4 42. Rd1 h4 43. Rbb1 f5 44. g3 h3 45. Rh1 Nxe3 46. Kxe3 Rc3+ 47. Kd2 b3 48. Rb2 Rc2+ 49. Rxc2 Rxc2+ 50. Kd1 Rc4 51. Kd2 b2 0-1